Papel de la educación en el desarrollo nacional / (Record no. 117689)

MARC details
000 -LEADER
campo de control de longitud fija 00522nam a2200169 4500
001 - NÚMERO DE CONTROL
campo de control 117689
003 - IDENTIFICADOR DE NÚMERO DE CONTROL
campo de control ES-MaACL
007 - CAMPO FIJO DE DESCRIPCIÓN FÍSICA--INFORMACIÓN GENERAL
campo de control de longitud fija t|
008 - DATOS DE LONGITUD FIJA--INFORMACIÓN GENERAL
campo de control de longitud fija 070214s1973 ag r ||||1| spa d
245 00 - MENCIÓN DEL TÍTULO
Título Papel de la educación en el desarrollo nacional /
Mención de responsabilidad, etc. Don Adams (compilador) ; versión de Marta Mastrogiacomo.
250 ## - MENCION DE EDICION
Mención de edición 1ª ed.
260 ## - PUBLICACIÓN, DISTRIBUCIÓN, ETC.
Lugar de publicación, distribución, etc. Buenos Aires :
Nombre del editor, distribuidor, etc. Paidos,
Fecha de publicación, distribución, etc. 1973.
300 ## - DESCRIPCIÓN FÍSICA
Extensión 281 p. ;
Dimensiones 20 cm.
700 1# - ENTRADA AGREGADA--NOMBRE PERSONAL
Nombre de persona Adams, Don.
9 (RLIN) 18382
700 1# - ENTRADA AGREGADA--NOMBRE PERSONAL
Nombre de persona Mastrogiacomo, Marta.
9 (RLIN) 78874
852 ## - LOCALIZACIÓN
Ubicación ES-MaACL
Número de control de estantería E-6131
Sublocalización o colección R.90464
Holdings
Estatus retirado Estado de pérdida Estado de daño No para préstamo Biblioteca de origen Biblioteca actual Ubicación en estantería Fecha de adquisición Fuente de adquisición Total de préstamos Signatura topográfica completa Código de barras Visto por última vez Precio de reemplazo Tipo de ítem Koha
        Biblioteca del Ateneo de Madrid Biblioteca del Ateneo de Madrid Depósito 2 17/01/2008     E-6131 1122697 23/02/2023 23/02/2023 Libro impreso